[Event "FRA-chT 0102 U18"]
[Site "France"]
[Date "2002.01.05"]
[Round "6.3"]
[White "Billy, Romain"]
[Black "Henneteau, Mathieu"]
[Result "0-1"]
[WhiteElo "1670"]
[BlackElo "2100"]
[PlyCount "140"]
[EventDate "2001.10.??"]
[EventType "team"]
[EventRounds "11"]
[EventCountry "FRA"]
[SourceTitle "EXT 2003"]
[Source "ChessBase"]
[SourceDate "2002.11.25"]
[SourceVersion "1"]
[SourceVersionDate "2002.11.25"]
[SourceQuality "1"]
[WhiteTeam "Neuilly"]
[BlackTeam "Grasse"]
[WhiteTeamCountry "FRA"]
[BlackTeamCountry "FRA"]

1. e4 e6 2. d4 d5 3. exd5 exd5 4. c4 Nf6 5. Nc3 c6 6. Nf3 Bg4 7. Be3 Bb4 8. Qb3 Qe7 9. Ne5 Be6 10. Be2 dxc4 11. Bxc4 Bxc4 12. Qxc4 Nd5 13. 0-0 Nxe3 14. fxe3 f6 15. Nd5 cxd5 16. Qc8+ Qd8 17. Qe6+ Qe7 18. Qc8+ Qd8 19. Qxd8+ Kxd8 20. Nf7+ Ke7 21. Nxh8 Nc6 22. Ng6+ hxg6 23. a3 Bd2 24. Rf3 Ba5 25. Rc1 Kd6 26. Rg3 g5 27. Rf1 Bd2 28. Rd1 Ba5 29. Rf1 Re8 30. b4 Bc7 31. Rff3 Kd7 32. Rg4 Nd8 33. h4 Nf7 34. hxg5 Nxg5 35. Rf5 Kd6 36. Rf1 Rxe3 37. Ra1 Bb6 38. Rh4 Rd3 39. Ra2 Bxd4+ 40. Kf1 Bb6 41. Rh8 Ne6 42. Rb8 Nd8 43. Rc8 Bc7 44. Rc2 Ne6 45. Re8 Nd4 46. Ra2 Bb6 47. Re1 Nb5 48. a4 Nd4 49. Raa1 Nf5 50. g4 Rf3+ 51. Ke2 Nd4+ 52. Kd1 Rd3+ 53. Kc1 Nf3 54. Rf1 Be3+ 55. Kc2 Rd2+ 56. Kb3 Nd4+ 57. Kc3 Ne2+ 58. Kb3 Rd3+ 59. Kc2 Rc3+ 60. Kd1 Nd4 61. Rb1 Rd3+ 62. Ke1 Rd2 63. Rc1 Nc2+ 64. Rxc2 Rxc2 65. Kd1 Rc1+ 66. Ke2 Rxf1 67. Kxf1 Bd2 68. b5 a6 69. bxa6 bxa6 70. Ke2 Bb4 0-1

[Event "FRA-chT 0102 U18"]
[Site "France"]
[Date "2001.11.25"]
[Round "3.4"]
[White "Magnin, Segolene"]
[Black "Billy, Romain"]
[Result "1-0"]
[WhiteElo "1710"]
[BlackElo "1670"]
[PlyCount "83"]
[EventDate "2001.10.??"]
[EventType "team"]
[EventRounds "11"]
[EventCountry "FRA"]
[SourceTitle "EXT 2003"]
[Source "ChessBase"]
[SourceDate "2002.11.25"]
[SourceVersion "1"]
[SourceVersionDate "2002.11.25"]
[SourceQuality "1"]
[WhiteTeam "Avignon"]
[BlackTeam "Neuilly"]
[WhiteTeamCountry "FRA"]
[BlackTeamCountry "FRA"]

1. c4 e5 2. Nc3 Nf6 3. e3 d5 4. cxd5 Nxd5 5. g3 Nxc3 6. bxc3 Be6 7. Bg2 Nc6 8. Ne2 Be7 9. 0-0 0-0 10. d4 Bd5 11. e4 Bc4 12. d5 Nb8 13. Re1 Nd7 14. Be3 Nf6 15. f3 Nd7 16. f4 f6 17. f5 b5 18. Nc1 Ba3 19. Qc2 Nc5 20. Bf1 Bxf1 21. Kxf1 Qe8 22. Nb3 Na4 23. c4 c6 24. c5 Rc8 25. d6 Qh5 26. Kg2 Rfd8 27. Na5 Bb4 28. Bd2 Bxc5 29. Nb7 Bd4 30. Nxd8 Bxa1 31. Qb3+ Kh8 32. Nf7+ Kg8 33. d7 Rf8 34. d8Q Rxd8 35. Nxd8+ Kf8 36. Ne6+ Ke7 37. Bb4+ c5 38. Bxc5+ Nxc5 39. Nxc5 Kd8 40. Rd1+ Kc7 41. Ne6+ Kc6 42. Qc2+ 1-0